| 000 | 01418nam a2200433 i 4500 | ||
|---|---|---|---|
| 001 | 14722 | ||
| 003 | KOSZ 005 | ||
| 005 | 20191116121725.0 | ||
| 008 | 070726s1970 pl a f 000 0 pol | ||
| 015 | _aPB 1970/7705 | ||
| 035 | _a991035573239705066 | ||
| 035 | _a(PL-WaBN)b19567534-48omnis_nlop | ||
| 035 | _ab19567534 | ||
| 035 | _a(OCoLC)830851943 | ||
| 035 | _a(PL)b0000001956753 | ||
| 035 | _a(EXLNZ-48OMNIS_NETWORK)9910288369005606 | ||
| 040 |
_aWA N _cWA N _dKOSZ 005/KK |
||
| 080 | _a631.3 | ||
| 080 | _a620.1 | ||
| 100 | 1 |
_aPluciński, Andrzej. _eAutor |
|
| 245 | 1 | 0 |
_aCzas przeciwko maszynom czyli O korozji / _cAndrzej Pluciński. |
| 246 | 3 | 0 | _aO korozji |
| 260 |
_aWarszawa : _bPaństwowe Wydawnictwo Rolnicze i Leśne, _c1970. |
||
| 300 |
_a128 stron : _bilustracje ; _c23 cm. |
||
| 336 |
_2rdacontent _aTekst _btxt |
||
| 337 |
_2rdamedia _aBez urządzenia pośredniczącego _bn |
||
| 338 |
_2rdacarrier _aWolumin _bnc |
||
| 380 | _aKsiążki | ||
| 388 | _a1901-2000 | ||
| 520 | 8 | _aDotyczy maszyn rolniczych | |
| 650 | 7 |
_aKorozja i erozja _2DBN |
|
| 650 | 7 |
_aMaszyny i narzędzia rolnicze _2DBN |
|
| 655 | 7 |
_aPoradniki _2DBN |
|
| 658 | _aInżynieria i technika | ||
| 658 | _aRolnictwo i leśnictwo | ||
| 856 |
_uhttp://koha.tu.koszalin.pl/cgi-bin/koha/opac-detail.pl?biblionumber=14722 _yKatalog online BPK |
||
| 942 |
_2UKD _cKS |
||
| 999 |
_c14722 _d14722 |
||